Vai trò của giáo dục mỹ thuật cho trẻ em /

Guardat en:
Dades bibliogràfiques
Autor principal: Phạm Văn Tuyến.
Format: Article
Idioma:Vietnamese
Matèries:
Etiquetes: Afegir etiqueta
Sense etiquetes, Sigues el primer a etiquetar aquest registre!
Thư viện lưu trữ: Thư viện Trường Đại học Đà Lạt
LEADER 00834nam a2200277 4500
001 DLU180182983
005 ##20180111
040 # # |a DLU  |b vie 
041 # # |a vie 
044 # # |a vn 
100 # # |a Phạm Văn Tuyến. 
245 # # |a Vai trò của giáo dục mỹ thuật cho trẻ em /  |c Phạm Văn Tuyến. 
653 # # |a Giáo dục mỹ thuật 
653 # # |a Giáo dục thẩm mỹ 
653 # # |a Mỹ thuật 
653 # # |a Tư duy sáng tạo 
653 # # |a Trẻ em 
773 # # |t Tạp chí Lý luận, phê bình văn học, nghệ thuật  |g Số 15, 2013, tr. 47-50 
920 # # |a Phòng Tạp chí --Trung tâm Thông tin - Thư viện Trường Đại học Đà Lạt 
900 # # |a True 
911 # # |a Lê Thị Hồng 
925 # # |a G 
926 # # |a A 
927 # # |a BB 
980 # # |a Thư viện Trường Đại học Đà Lạt